00339nam a2200121Ia 4500008004100000041001200041082001900053100002700072245006700099260002100166300001300187650001700200231217s9999 xx 000 0 und d aEnglish a621.312 KIM.1 aKimbark, Edward Wilson 0aPower system stability V.1: Elements of stability calculations c1948bJohn Wiley aviii+365 aPower system